Statistiques concernant Culture Générale - Série 203

Cliquez ici pour prendre le quiz!

Statistiques générales

  • Ce quiz a été pris 229 fois
  • Le résultat moyen est 6 sur 10

Statistiques - réponses

QuestionRéponse% Correct
Dans notre calendrier, combien de mois finissent par la lettre R ?2
96%
Dans quel océan se situent les Bahamas ?L'océan Atlantique
95%
Dans quel pays sont immatriculées les voitures portant la lettre A ?L'Autriche
85%
Quelle est la monnaie officielle du Mexique ?Le peso
85%
Dans quel sport la Française Tatiana Golovin s'illustre-t-elle ?Le tennis
74%
Quel bijou Michael Douglas poursuit-il en 1984 au cinéma ?Le diamant vert
71%
Dans quelle série télévisée Wentworth Miller a-t-il un plan tatoué sur le corps ?Prison Break
71%
Dans "Adieu poulet", qui incarne le commissaire, patron de Patrick Dewaere ?Lino Ventura
28%
Sous quel nom l'animatrice Isabelle Morizet fut-elle chanteuse ?Karen Cheryl
21%
Quelle chanteuse a incarné "Madame S.O.S." à la télévision ?Annie Cordy
9%

Distribution des résultats

Percentile par nombre de réponses

% des personnes avec chaque résultat

Votre développement - résultats

Vous n’avez pas pris ce quiz